000 01055nam a2200313 i 4500
999 _c22077
_d22077
001 4123037
003 BDDh-ASL
005 20231015030100.0
008 750715s1975 ii b 001 0 eng
010 _a 75902423
020 _cRs65.00
040 _aDLC
_cDLC
_dDLC
_dBDDh-ASL
043 _aa-ii---
_aa-np---
050 0 0 _aDS450.N3
_bJ46
082 0 0 _a327.54
_bJHU
100 1 _aJha, Shree Krishna,
_d1938-
245 1 0 _aUneasy partners :
_bIndia and Nepal in the post-colonial era /
_cShree Krishna Jha.
250 _a1st ed.
260 _aNew Delhi :
_bManas Publications,
_c1975.
300 _a344 p. ;
_c23 cm.
440 0 _aStudies in Asian history and politics ;
_v2
500 _a"Revised and updated version of the author's Ph.D. dissertation ... Jawaharlal Nehru University, New Delhi."
500 _aIncludes index.
504 _aBibliography: p. [321]-336.
651 0 _aIndia
_xForeign relations
_zNepal.
651 0 _aNepal
_xForeign relations
_zIndia.
906 _a7
_bcbc
_corignew
_d4
_encip
_f19
_gy-gencatlg
942 _2ddc
_cBK